000 00425nam a2200169Ia 4500
008 230711s9999||||xx |||||||||||||| ||und||
041 _aENG
082 _a621.902
_bKR-T
100 _aKrar, S.F
245 0 _aTechnology of machine tools
250 _a1st Ed.
260 _c1984
_aNew Delhi
_bTata McGraw Hill Education Limited
300 _a664
650 _aMechanical Engineering
700 _aJ. W. Oswald
942 _cBK
999 _c1933
_d1933